00769nam a2200229Ia 450000500170000000800410001702000180005808200140007610000210009024500540011125000210016530000640018665000310025065000280028165000400030965000350034926400320038433600270041633700330044333800280047604000350050420220317000146.0141031s2014 s ao g 000 0 s  a978843422552704a751bS15g1 aSanmiguel, David10aGuía completa para el artistac David Sanmiguel aQuinta edición a255 páginasbilustraciones y fotografías a colorc28 cm142LEMBaComposición (arte)142LEMBaDibujoxTécnica142LEMBaDibujo artísticoxTécnica142LEMBaFigura humanaxTécnica aBarcelonabParramónc2014 atextobtxt2rdacontent asin mediaciónbn2rdamedia avolumenbnc2rdacarrier aCO-BoRNBPbspaerdacCO-BoRNBP